| 000 | 01203cam a22003015a 4500 | ||
|---|---|---|---|
| 001 | ocm64067530 | ||
| 003 | OSt | ||
| 005 | 20160323143208.0 | ||
| 008 | 060209s2007 maua frb 001 0 eng d | ||
| 020 | _a1405129328 (pbk. : alk. paper) | ||
| 020 | _a9781405129329 (pbk. : alk. paper) | ||
| 040 |
_aDNLM/DLC _cDLC _dNLM _dBAKER _dBTCTA _dBWKUK _dYDXCP _dYDX _dEG-ScBUE _beng |
||
| 082 | 0 | 4 |
_a616.9041 _222 _bLEC |
| 245 | 0 | 0 |
_aLecture notes. _pMedical microbiology and infection / _cTom Elliott ... [et al.] |
| 246 | 3 | 0 | _aMedical microbiology and infection |
| 250 | _a4th ed. | ||
| 260 |
_aMalden ; _aOxford ; _aVictoria : _bBlackwell Publishing, _c2007. |
||
| 300 |
_avii, 273 p. : _bill. (col.) ; _c25 cm. |
||
| 490 | 0 | _aLecture notes series. | |
| 500 | _aRev. ed. of: Lecture notes on medical microbiology / Tom Elliott, Mark Hastings, Ulrich Desselberger. 1997. | ||
| 504 | _aIncludes bibliographical references and indexes. | ||
| 650 | 7 |
_aMedical microbiology _vOutlines, syllabi, etc. _2BUEsh _927322 |
|
| 651 | _2BUEsh | ||
| 653 |
_bPPhrm _cMarch2016 |
||
| 700 | 1 |
_aElliott, Tom _q(Thomas Stuart Jackson) |
|
| 700 | 1 |
_aElliott, Tom, _cFRCPath. _tLecture notes on medical microbiology. |
|
| 942 | _2ddc | ||
| 999 |
_c21493 _d21465 |
||